Statistiques concernant Quiz sur la Seine-Saint-Denis

Cliquez ici pour prendre le quiz!

Statistiques générales

  • Ce quiz a été pris 3 601 fois
    (3 555 depuis la dernière actualisation)
  • Le résultat moyen est 11 sur 20

Statistiques - réponses

QuestionRéponse% Correct
Numéro du département93
98%
Région dans laquelle il se situeÎle-de-France
98%
Métropole à laquelle l'intégralité du département appartientGrand Paris
87%
Religion la plus pratiquée, bien que non majoritaireIslam
87%
Sous-préfecture et plus grande villeSaint-Denis
84%
Infrastructure inaugurée en 1998 et pouvant accueillir 80 698 spectateursStade de France
74%
Célèbre slameur qui est né au Blanc-Mesnil en 1977Grand Corps Malade
65%
Préfecture, qui n'est que la 11ème commune la plus peuplée du départementBobigny
63%
Bande dessinée créée par les séquano-dionysiens Uderzo et GoscinnyAstérix (le Gaulois)
60%
Premier aéroport civil de Paris dans l'Histoire, situé en Seine-Saint-DenisParis-Le Bourget
55%
Terme regroupant les Hauts-de-Seine, la Seine-Saint-Denis et le Val-de-MarnePetite Couronne
52%
Commune qui était le site d'un camp d'internement nazi jusqu'en 1944Drancy
51%
La création du département était une concession gaulliste à ce partiParti communiste (PCF)
49%
Édifice accueillant la plupart des tombaux des rois de FranceBasilique Saint-Denis
46%
Deuxième ville du département, parfois surnommée le 21ème arrondissementMontreuil
45%
Premier marché de l'art et de l'antiquité du monde,
accueillant 5 millions de visiteurs chaque année
Marché aux puces
de Saint-Ouen
36%
Département auquel appartenaient 16 communes de l'actuelle Seine-Saint-DenisSeine-et-Oise
33%
Celui nommé Georges-Valbon est le troisième plus grand de la régionParc
24%
Seule autre sous-préfectureLe Raincy
22%
Fruit dont la culture était réalisée à l'aide de murs sur près
de 600 kilomètres dans le département au XIXème siècle
Pêche
13%

Distribution des résultats

Percentile par nombre de réponses

% des personnes avec chaque résultat

Votre développement - résultats

Vous n’avez pas pris ce quiz depuis la dernière actualisation